Joan edukira

Решение задач на тему "Производная" учебно-методическое пособие

Учебно-методическое пособие, охватывающее тему «Дифференциальное исчисление функции одного переменного» дисциплины «Математический анализ», предназначено для студентов института экономики и предпринимательства ННГУ, обучающихся по направлению подготовки бакалавриата 38.03.05 «Бизнес-информатика»....

Deskribapen osoa

Gorde:
Xehetasun bibliografikoak
Egile nagusia: Мамаева Н. А.
Beste egile batzuk: Таланова Е. А.
Formatua: Книга
Hizkuntza:Russian
Argitaratua: Нижний Новгород ННГУ им. Н. И. Лобачевского 2018
Sarrera elektronikoa:https://e.lanbook.com/book/144607
https://e.lanbook.com/img/cover/book/144607.jpg
Etiketak: Etiketa erantsi
Etiketarik gabe, Izan zaitez lehena erregistro honi etiketa jartzen!
LEADER 01983nam0a2200277 i 4500
001 144607
003 RuSpLAN
005 20221220174052.0
008 221220s2018 ru gs 000 0 rus
040 |a RuSpLAN 
041 0 |a rus 
044 |a ru 
080 |a 517 
084 |a 22.161.1  |2 rubbk 
245 0 0 |a Решение задач на тему "Производная"  |b учебно-методическое пособие  |c Мамаева Н. А.,Таланова Е. А. 
260 |a Нижний Новгород  |b ННГУ им. Н. И. Лобачевского  |c 2018 
300 |a 30 с. 
500 |a Рекомендовано методической комиссией института экономики и предпринимательства для студентов ННГУ, обучающихся по направлению подготовки 38.03.05 «Бизнес-информатика» (бакалавриат) 
504 |a Библиогр.: доступна в карточке книги, на сайте ЭБС Лань 
520 8 |a Учебно-методическое пособие, охватывающее тему «Дифференциальное исчисление функции одного переменного» дисциплины «Математический анализ», предназначено для студентов института экономики и предпринимательства ННГУ, обучающихся по направлению подготовки бакалавриата 38.03.05 «Бизнес-информатика». 
521 8 |a Книга из коллекции ННГУ им. Н. И. Лобачевского - Математика 
100 1 |a Мамаева Н. А. 
700 1 |a Таланова Е. А. 
856 4 |u https://e.lanbook.com/book/144607 
856 4 8 |u https://e.lanbook.com/img/cover/book/144607.jpg 
953 |a https://e.lanbook.com/img/cover/book/144607.jpg 
Cannot write session to /tmp/vufind_sessions/sess_ruckb78qc2h2mop8oshudlrq1q